[Event "GER-ch45 V06 email"]
[Site "GER email"]
[Date "2013.03.27"]
[Round "?"]
[White "Egelhof, Hans Peter"]
[Black "Zundel, Werner"]
[Result "0-1"]
[WhiteElo "2041"]
[BlackElo "2225"]
[PlyCount "66"]
[EventDate "2013.04.08"]
[EventType "tourn (corr)"]
[EventRounds "12"]
[EventCountry "GER"]
[SourceTitle "Corr 2015"]
[Source "ChessBase"]
[SourceDate "2015.07.17"]
[SourceVersion "1"]
[SourceVersionDate "2015.07.17"]
[SourceQuality "1"]

1. Nf3 Nf6 2. g3 d5 3. Bg2 c6 4. 0-0 Bg4 5. c4 e6 6. b3 Nbd7 7. Bb2 Bd6 8. Nc3 0-0 9. d4 Qe7 10. Nh4 Rad8 11. Qc2 Bh5 12. Rad1 Rfe8 13. Rfe1 Bb4 14. h3 Ba5 15. a3 dxc4 16. bxc4 Nb6 17. Qb3 e5 18. dxe5 Nfd7 19. Nf5 Qe6 20. Nd6 Nc5 21. Qa2 Rf8 22. a4 Nc8 23. Nxc8 Qxc8 24. Rf1 Qc7 25. f4 Rxd1 26. Rxd1 Bg6 27. Kh2 Bb6 28. Ba3 a5 29. Qb2 Rb8 30. Rd5 cxd5 31. Nxd5 Nxa4 32. Qb5 Qd8 33. Qxa4 Bf2 0-1

[Event "GER-ch45 V06 email"]
[Site "GER email"]
[Date "2013.03.27"]
[Round "?"]
[White "Zundel, Werner"]
[Black "Serner, Arpad"]
[Result "1/2-1/2"]
[WhiteElo "2225"]
[BlackElo "2234"]
[PlyCount "105"]
[EventDate "2013.04.08"]
[EventType "tourn (corr)"]
[EventRounds "12"]
[EventCountry "GER"]
[SourceTitle "Corr 2015"]
[Source "ChessBase"]
[SourceDate "2015.07.17"]
[SourceVersion "1"]
[SourceVersionDate "2015.07.17"]
[SourceQuality "1"]

1. e4 d6 2. d4 Nf6 3. Nc3 g6 4. Be3 c6 5. h3 Nbd7 6. Nf3 e5 7. a4 Bg7 8. dxe5 dxe5 9. Qd3 Qe7 10. Qc4 Nb6 11. Qc5 Qxc5 12. Bxc5 Nbd7 13. Bd6 Bf8 14. Bxe5 Nxe5 15. Nxe5 Bg7 16. Nd3 Be6 17. Be2 0-0-0 18. e5 Nd7 19. f4 f6 20. exf6 Bxf6 21. 0-0-0 Bxc3 22. bxc3 Rhe8 23. Rde1 Nf6 24. Bf3 Bd5 25. Bxd5 cxd5 26. Rxe8 Rxe8 27. f5 g5 28. Kb2 h5 29. a5 Re2 30. g4 hxg4 31. hxg4 Nxg4 32. Rh5 Ne5 33. Nxe5 Rxe5 34. Rxg5 Kd7 35. Rg7+ Kc6 36. f6 Rf5 37. a6 bxa6 38. Rxa7 Kb5 39. Rf7 Kc6 40. Rf8 Kd7 41. Kb3 Rf4 42. f7 Ke6 43. Re8+ Kxf7 44. Re5 d4 45. c4 Rf3+ 46. Kb4 Rf2 47. Kc5 Rxc2 48. Kxd4 Rd2+ 49. Kc5 Kf6 50. Re3 Rc2 51. Kd5 Rd2+ 52. Kc6 a5 53. Ra3 1/2-1/2

[Event "GER-ch 2012-C-V5 serv"]
[Site "GER email"]
[Date "2012.07.06"]
[Round "?"]
[White "Kurka, Dieter"]
[Black "Zundel, Werner"]
[Result "0-1"]
[WhiteElo "1917"]
[BlackElo "2225"]
[PlyCount "82"]
[EventDate "2012.07.12"]
[EventType "tourn (corr)"]
[EventRounds "6"]
[EventCountry "GER"]
[SourceTitle "Corr 2015"]
[Source "ChessBase"]
[SourceDate "2015.07.17"]
[SourceVersion "1"]
[SourceVersionDate "2015.07.17"]
[SourceQuality "1"]

1. Nf3 Nf6 2. d4 e6 3. g3 c5 4. Bg2 cxd4 5. Nxd4 a6 6. c4 Qc7 7. b3 Bb4+ 8. Bd2 Be7 9. 0-0 0-0 10. Nc3 Nc6 11. e3 Rd8 12. Qc2 Nb4 13. Qc1 Rb8 14. Nce2 b6 15. Bc3 Bb7 16. Bxb7 Qxb7 17. Rd1 Ne4 18. a3 Nc6 19. Nxc6 Qxc6 20. Nd4 Qb7 21. Be1 Bf6 22. Qc2 Rbc8 23. h4 d5 24. Qe2 h6 25. Rab1 dxc4 26. bxc4 Qc7 27. Rbc1 Nc5 28. Rb1 Rd7 29. Qg4 Rcd8 30. Bc3 e5 31. Nf5 Rxd1+ 32. Rxd1 h5 33. Rxd8+ Qxd8 34. Qxh5 g6 35. Qf3 gxf5 36. Qxf5 Qd6 37. Bb4 Qe6 38. Qc2 Nd7 39. Qe4 a5 40. Bc3 Kg7 41. a4 Nc5 0-1

[Event "GER-ch 2012-C-V5 serv"]
[Site "GER email"]
[Date "2012.07.06"]
[Round "?"]
[White "Zundel, Werner"]
[Black "Fischer, Detlev"]
[Result "1/2-1/2"]
[WhiteElo "2225"]
[BlackElo "2081"]
[PlyCount "75"]
[EventDate "2012.07.12"]
[EventType "tourn (corr)"]
[EventRounds "6"]
[EventCountry "GER"]
[SourceTitle "Corr 2015"]
[Source "ChessBase"]
[SourceDate "2015.07.17"]
[SourceVersion "1"]
[SourceVersionDate "2015.07.17"]
[SourceQuality "1"]

1. e4 e5 2. Nf3 Nc6 3. Bb5 a6 4. Ba4 Nf6 5. 0-0 Be7 6. Re1 b5 7. Bb3 0-0 8. c3 d6 9. h3 Nb8 10. d4 Nbd7 11. Nbd2 Bb7 12. Bc2 c5 13. d5 c4 14. b3 cxb3 15. axb3 Qc7 16. Bb2 Rfc8 17. Qe2 Qb6 18. b4 Nh5 19. Nb3 f5 20. exf5 Bxd5 21. Qd1 Nhf6 22. Ng5 Qa7 23. Na5 Nb6 24. Qe2 Qd7 25. Rad1 Nc4 26. Nxc4 Bxc4 27. Qf3 Qc6 28. Qxc6 Rxc6 29. Ne4 Ra7 30. Nxf6+ gxf6 31. Be4 Rc8 32. Bd5+ Kf8 33. Re4 Bxd5 34. Rxd5 Ke8 35. g3 Bf8 36. Kg2 Rc6 37. Kf3 Rg7 38. Kg2 1/2-1/2

[Event "GER-ch 2012-C-V5 serv"]
[Site "GER email"]
[Date "2012.07.06"]
[Round "?"]
[White "Zundel, Werner"]
[Black "Warzecha, Helmut"]
[Result "1-0"]
[WhiteElo "2225"]
[BlackElo "1999"]
[PlyCount "81"]
[EventDate "2012.07.12"]
[EventType "tourn (corr)"]
[EventRounds "6"]
[EventCountry "GER"]
[SourceTitle "Corr 2015"]
[Source "ChessBase"]
[SourceDate "2015.07.17"]
[SourceVersion "1"]
[SourceVersionDate "2015.07.17"]
[SourceQuality "1"]

1. e4 c5 2. Nf3 Nc6 3. Bb5 Qc7 4. 0-0 e5 5. Nc3 Nf6 6. Bc4 Be7 7. d3 h6 8. a3 d6 9. b4 0-0 10. bxc5 dxc5 11. Nd5 Nxd5 12. exd5 Nd4 13. c3 Nxf3+ 14. Qxf3 Bd6 15. a4 Bd7 16. h3 f5 17. Bd2 a6 18. a5 Bb5 19. Qe2 Bxc4 20. dxc4 e4 21. Rfb1 Rae8 22. Rb6 f4 23. f3 e3 24. Be1 Rb8 25. Qc2 Rf7 26. Rab1 Qd7 27. Qe4 Re7 28. Qg6 Be5 29. Bh4 Rf7 30. R1b3 Rff8 31. Qe4 Qf5 32. Qxf5 Rxf5 33. Be7 Bc7 34. Re6 Bxa5 35. Bd6 Ra8 36. Kf1 b6 37. Ke2 Rd8 38. g4 fxg3 39. Bxg3 Rd7 40. Ra3 Rdf7 41. Re8+ 1-0

[Event "GER MS-151 email"]
[Site "GER email"]
[Date "2012.01.10"]
[Round "?"]
[White "Richter, Marko"]
[Black "Zundel, Werner"]
[Result "1/2-1/2"]
[WhiteElo "2075"]
[BlackElo "2215"]
[PlyCount "53"]
[EventDate "2012.01.17"]
[EventType "tourn (corr)"]
[EventRounds "6"]
[EventCountry "GER"]
[SourceTitle "Corr 2015"]
[Source "ChessBase"]
[SourceDate "2015.07.17"]
[SourceVersion "1"]
[SourceVersionDate "2015.07.17"]
[SourceQuality "1"]

1. e4 e5 2. Nf3 Nc6 3. d4 exd4 4. Nxd4 Bc5 5. Be3 Qf6 6. c3 Nge7 7. Bc4 Ne5 8. Be2 Qg6 9. 0-0 d6 10. f3 0-0 11. Nd2 d5 12. Kh1 dxe4 13. fxe4 Bg4 14. Bf4 Bxe2 15. Qxe2 Bd6 16. Nb5 a6 17. Nxd6 Qxd6 18. Nf3 N7g6 19. Bg3 Rfe8 20. Rad1 Qe6 21. b3 Rad8 22. Rxd8 Rxd8 23. Rd1 Re8 24. Nd4 Qb6 25. Nf5 Qc6 26. c4 Nd7 27. Nd4 1/2-1/2

[Event "GER-ch 2012-C-F serv"]
[Site "GER email"]
[Date "2012.??.??"]
[Round "?"]
[White "Klapp, Herwig"]
[Black "Zundel, Werner"]
[Result "1/2-1/2"]
[WhiteElo "2135"]
[BlackElo "2225"]
[PlyCount "88"]
[EventDate "2012.??.??"]
[EventType "tourn (corr)"]
[EventRounds "6"]
[EventCountry "GER"]
[SourceTitle "Corr 2015"]
[Source "ChessBase"]
[SourceDate "2015.07.17"]
[SourceVersion "1"]
[SourceVersionDate "2015.07.17"]
[SourceQuality "1"]

1. e4 e5 2. Nf3 Nc6 3. Bb5 a6 4. Ba4 Nf6 5. 0-0 Be7 6. Re1 b5 7. Bb3 d6 8. c3 0-0 9. h3 Bb7 10. d4 Re8 11. Nbd2 Bf8 12. d5 Nb8 13. Nf1 Nbd7 14. Ng3 Nc5 15. Bc2 c6 16. b4 Ncd7 17. dxc6 Bxc6 18. Bb3 Nb6 19. Nh2 a5 20. bxa5 Nc4 21. Bg5 h6 22. Bxf6 Qxf6 23. Ng4 Qg6 24. Ne3 Rxa5 25. Nxc4 bxc4 26. Bxc4 Rc5 27. Qd3 d5 28. Bb3 h5 29. Rad1 h4 30. exd5 Qxd3 31. Rxd3 Bb5 32. c4 Bxc4 33. Bxc4 Rxc4 34. Nf1 Ra4 35. Rd2 g6 36. Rde2 e4 37. Rc2 Rea8 38. Ree2 Bh6 39. g3 Rd8 40. gxh4 Rxd5 41. Rc8+ Kg7 42. Re8 f5 43. f3 exf3 44. R2e7+ Kf6 1/2-1/2

[Event "GER-ch64 email"]
[Site "GER email"]
[Date "2012.??.??"]
[Round "?"]
[White "Koch, Hans Georg"]
[Black "Zundel, Werner"]
[Result "0-1"]
[WhiteElo "2155"]
[BlackElo "2213"]
[PlyCount "44"]
[EventDate "2012.08.13"]
[EventType "tourn (corr)"]
[EventRounds "10"]
[EventCountry "GER"]
[SourceTitle "Corr 2015"]
[Source "ChessBase"]
[SourceDate "2015.07.17"]
[SourceVersion "1"]
[SourceVersionDate "2015.07.17"]
[SourceQuality "1"]

1. e4 e5 2. Nf3 Nc6 3. Bb5 a6 4. Ba4 Nf6 5. 0-0 Be7 6. Re1 b5 7. Bb3 0-0 8. h3 Bb7 9. d3 Re8 10. Nc3 h6 11. a3 Bc5 12. Nd5 Nd4 13. Nxd4 Bxd4 14. c3 Bc5 15. Nxf6+ Qxf6 16. Be3 Bf8 17. Qg4 d6 18. f4 exf4 19. Bxf4 Bc8 20. Qg3 Be6 21. e5 Qf5 22. exd6 Bxb3 0-1

[Event "GER-ch 2012-C-F serv"]
[Site "GER email"]
[Date "2012.??.??"]
[Round "?"]
[White "Rickert, Willi"]
[Black "Zundel, Werner"]
[Result "1/2-1/2"]
[WhiteElo "1733"]
[BlackElo "2225"]
[PlyCount "94"]
[EventDate "2012.??.??"]
[EventType "tourn (corr)"]
[EventRounds "6"]
[EventCountry "GER"]
[SourceTitle "Corr 2015"]
[Source "ChessBase"]
[SourceDate "2015.07.17"]
[SourceVersion "1"]
[SourceVersionDate "2015.07.17"]
[SourceQuality "1"]

1. c4 e5 2. g3 Nf6 3. Bg2 Bc5 4. Nc3 c6 5. e3 0-0 6. Nge2 d6 7. d4 Bb6 8. 0-0 h6 9. b4 Be6 10. c5 Bc7 11. cxd6 Bxd6 12. b5 Nbd7 13. bxc6 bxc6 14. Bxc6 Rc8 15. Bb7 Rb8 16. Bg2 Bc4 17. Re1 Qe7 18. Bd2 Rfc8 19. Rb1 Bb4 20. a3 Bxa3 21. Rxb8 Rxb8 22. Qa4 Nb6 23. Qa5 Bxe2 24. dxe5 Nfd7 25. Rxe2 Nxe5 26. Nd5 Qd6 27. Bc3 Nc6 28. Qb5 Nxd5 29. Qxd5 Rb1+ 30. Re1 Rxe1+ 31. Bxe1 Qxd5 32. Bxd5 Bb4 33. Kf1 Bxe1 34. Kxe1 Ne5 35. Kd2 Kf8 36. f4 Nd7 37. Kc3 Ke7 38. Kd4 f6 39. e4 Kd6 40. h3 a5 41. Bb3 Nb6 42. e5+ fxe5+ 43. fxe5+ Ke7 44. g4 a4 45. Ba2 Nd7 46. h4 a3 47. h5 Nb8 1/2-1/2

[Event "GER-ch64 email"]
[Site "GER email"]
[Date "2012.??.??"]
[Round "?"]
[White "Zundel, Werner"]
[Black "Grube, Andreas"]
[Result "1/2-1/2"]
[WhiteElo "2213"]
[BlackElo "2158"]
[PlyCount "151"]
[EventDate "2012.08.13"]
[EventType "tourn (corr)"]
[EventRounds "10"]
[EventCountry "GER"]
[SourceTitle "Corr 2015"]
[Source "ChessBase"]
[SourceDate "2015.07.17"]
[SourceVersion "1"]
[SourceVersionDate "2015.07.17"]
[SourceQuality "1"]

1. e4 c5 2. Nf3 Nc6 3. d4 cxd4 4. Nxd4 Nf6 5. Nc3 e5 6. Ndb5 d6 7. Bg5 a6 8. Na3 b5 9. Nd5 Be7 10. Bxf6 Bxf6 11. c3 0-0 12. Nc2 Bg5 13. a4 bxa4 14. Rxa4 a5 15. Bc4 Rb8 16. b3 Kh8 17. 0-0 f5 18. exf5 Bxf5 19. Nce3 Bg6 20. h3 Qd7 21. Qg4 Qd8 22. Qe2 e4 23. Nc2 Bh4 24. Nd4 Nxd4 25. cxd4 Ra8 26. Ra2 Ra7 27. g3 Rf3 28. b4 a4 29. b5 Ra8 30. b6 Bf5 31. Ne3 Bxh3 32. Bd5 Bg5 33. b7 Rb8 34. Bxe4 Rxe3 35. fxe3 Bxf1 36. Qxf1 d5 37. Qf5 Bxe3+ 38. Kg2 dxe4 39. Rc2 Rxb7 40. Rc8 Rb8 41. Rxd8+ Rxd8 42. Qa5 Rg8 43. Qxa4 Bg5 44. d5 e3 45. d6 Rf8 46. d7 h6 47. Kh3 g6 48. Qd4+ Kg8 49. Qe5 Kh7 50. Qe6 Kg7 51. Qe8 Rg8 52. Qe5+ Kf7 53. Kg2 Rd8 54. Qd6 Be7 55. Qd5+ Kf6 56. Kf3 Bf8 57. Kxe3 Ke7 58. Qe4+ Kf7 59. Qc6 g5 60. Ke4 Ke7 61. Kf5 Rxd7 62. Qe4+ Kd8 63. Kg6 Bg7 64. Qb4 Kc8 65. g4 Rc7 66. Qb5 Re7 67. Qd5 Kc7 68. Qa5+ Kd7 69. Qc5 Kd8 70. Qd6+ Ke8 71. Qd5 Be5 72. Kxh6 Bf4 73. Kg6 Rd7 74. Qc6 Ke7 75. Kf5 Kd8 76. Qb6+ 1/2-1/2

[Event "GER-ch64 email"]
[Site "GER email"]
[Date "2012.??.??"]
[Round "?"]
[White "Zundel, Werner"]
[Black "Kraft, Dieter"]
[Result "1/2-1/2"]
[WhiteElo "2213"]
[BlackElo "2164"]
[PlyCount "44"]
[EventDate "2012.08.13"]
[EventType "tourn (corr)"]
[EventRounds "10"]
[EventCountry "GER"]
[SourceTitle "Corr 2015"]
[Source "ChessBase"]
[SourceDate "2015.07.17"]
[SourceVersion "1"]
[SourceVersionDate "2015.07.17"]
[SourceQuality "1"]

1. e4 c5 2. Nf3 d6 3. d4 cxd4 4. Nxd4 Nf6 5. Nc3 a6 6. Be3 e5 7. Nb3 Be6 8. f3 Be7 9. Qd2 0-0 10. 0-0-0 Nbd7 11. g4 b5 12. g5 Nh5 13. Nd5 Bxd5 14. exd5 f6 15. g6 hxg6 16. Rg1 Qe8 17. Na5 f5 18. Nc6 Bd8 19. Kb1 Kh7 20. Qf2 Qf7 21. c4 bxc4 22. Bxc4 Qf6 1/2-1/2

[Event "GER-ch64 V04 email"]
[Site "GER email"]
[Date "2011.06.10"]
[Round "?"]
[White "Harf, Heinz"]
[Black "Zundel, Werner"]
[Result "0-1"]
[WhiteElo "2007"]
[BlackElo "2196"]
[PlyCount "100"]
[EventDate "2011.06.17"]
[EventType "tourn (corr)"]
[EventRounds "6"]
[EventCountry "GER"]
[SourceTitle "Corr 2015"]
[Source "ChessBase"]
[SourceDate "2015.07.17"]
[SourceVersion "1"]
[SourceVersionDate "2015.07.17"]
[SourceQuality "1"]
[WhiteTeam "Germany"]
[BlackTeam "Germany"]
[WhiteTeamCountry "GER"]
[BlackTeamCountry "GER"]

1. d4 Nf6 2. c4 e6 3. Nf3 b6 4. g3 Bb7 5. Bg2 Be7 6. 0-0 0-0 7. Re1 Na6 8. Ne5 Bxg2 9. Kxg2 c5 10. d5 Qc7 11. Nf3 Ne4 12. Bf4 Qb7 13. Nc3 f5 14. Qb3 Nxc3 15. bxc3 d6 16. Red1 e5 17. Bd2 Nc7 18. Qa4 Rf7 19. Rab1 Bf6 20. Ne1 Raf8 21. Kh1 Ne8 22. Nf3 h6 23. Kg1 f4 24. gxf4 Qc8 25. Kh1 Qf5 26. Rg1 exf4 27. Rbe1 Kh8 28. Qb3 g5 29. Qb1 Qxb1 30. Rxb1 Re7 31. Rbe1 Kh7 32. h4 gxh4 33. Rg4 Re4 34. Nxh4 Rxc4 35. Nf3 b5 36. Rb1 a6 37. Rxf4 Rxf4 38. Bxf4 Bxc3 39. Bg3 Rf5 40. Rd1 c4 41. Kg2 Nf6 42. Bxd6 Rxd5 43. Rc1 Rxd6 44. Rxc3 Rd1 45. Rc2 Ne4 46. a3 Ra1 47. Ne5 Rxa3 48. Nxc4 bxc4 49. Rxc4 Nc3 50. Kf1 Ra1+ 0-1

[Event "GER-ch64 V04 email"]
[Site "GER email"]
[Date "2011.06.10"]
[Round "?"]
[White "Schmidt, Horst W"]
[Black "Zundel, Werner"]
[Result "0-1"]
[WhiteElo "1949"]
[BlackElo "2196"]
[PlyCount "94"]
[EventDate "2011.06.17"]
[EventType "tourn (corr)"]
[EventRounds "6"]
[EventCountry "GER"]
[SourceTitle "Corr 2015"]
[Source "ChessBase"]
[SourceDate "2015.07.17"]
[SourceVersion "1"]
[SourceVersionDate "2015.07.17"]
[SourceQuality "1"]
[WhiteTeam "Germany"]
[BlackTeam "Germany"]
[WhiteTeamCountry "GER"]
[BlackTeamCountry "GER"]

1. d4 Nf6 2. c4 e6 3. Nc3 Bb4 4. Qc2 0-0 5. a3 Bxc3+ 6. Qxc3 b6 7. Bg5 Bb7 8. e3 d6 9. f3 Nbd7 10. Bd3 c5 11. Ne2 Rc8 12. 0-0 h6 13. Bh4 cxd4 14. exd4 b5 15. Qb4 bxc4 16. Bxc4 a5 17. Qxb7 Rxc4 18. Rac1 Rc8 19. Qa6 Rb8 20. Rc2 Qb6 21. Qxb6 Rxb6 22. Nc3 Rc8 23. Rfc1 Rbc6 24. Bxf6 Nxf6 25. Kf2 Nd5 26. Ke2 Ne7 27. Kd3 Rb8 28. Nd1 Rxc2 29. Rxc2 Kf8 30. Rc4 Ke8 31. Ra4 Nc6 32. Kc3 Kd7 33. b3 d5 34. Nf2 Kd6 35. Nd3 Ra8 36. Ne1 g5 37. Nd3 f6 38. Kc2 h5 39. Kd2 h4 40. Ke3 Kc7 41. Nc5 Kb6 42. Nd7+ Kb5 43. Nxf6 Ne7 44. Nd7 Nc8 45. g3 Ra7 46. Nc5 hxg3 47. hxg3 Nb6 0-1

[Event "GER-ch53 final email"]
[Site "GER email"]
[Date "2010.04.05"]
[Round "?"]
[White "Zundel, Werner"]
[Black "Dorer, Manfred"]
[Result "1-0"]
[WhiteElo "2166"]
[BlackElo "2197"]
[PlyCount "115"]
[EventDate "2010.04.12"]
[EventType "tourn (corr)"]
[EventRounds "10"]
[EventCountry "GER"]
[SourceTitle "Corr 2013"]
[Source "ChessBase"]
[SourceDate "2012.11.12"]
[SourceVersion "1"]
[SourceVersionDate "2012.11.12"]
[SourceQuality "1"]

1. e4 c5 2. Nf3 Nc6 3. Bb5 g6 4. Bxc6 dxc6 5. d3 Bg7 6. h3 Nf6 7. Nc3 0-0 8. 0-0 Nd7 9. Be3 e5 10. Qd2 Re8 11. Nh2 Qe7 12. Bh6 Bh8 13. Bg5 f6 14. Be3 Nf8 15. f4 exf4 16. Rxf4 Ne6 17. Rf2 Nd4 18. Raf1 b6 19. Nf3 Qd6 20. Bf4 Qd8 21. b3 a5 22. a4 Ba6 23. Nxd4 cxd4 24. Nb1 Ra7 25. Qc1 Bg7 26. Nd2 Rf7 27. Nf3 c5 28. Bh6 Bc8 29. Bxg7 Kxg7 30. Qf4 Be6 31. Qh4 Rc7 32. g4 Rf7 33. Qg3 Kg8 34. Nd2 Ref8 35. h4 h6 36. Nc4 Bxc4 37. bxc4 Qd7 38. Rb1 Qc6 39. Kh1 Kh7 40. Qf3 Kh8 41. Qf4 Kh7 42. h5 gxh5 43. Qf5+ Kh8 44. Qxh5 Kg7 45. Kg2 Qc7 46. Rh1 Rh8 47. Rf5 Qc6 48. Rhf1 Re8 49. R1f3 Qe6 50. Qh2 Rg8 51. g5 hxg5 52. e5 Rgf8 53. Qh3 Re8 54. Qg3 Qc6 55. exf6+ Kh8 56. Qg4 Rh7 57. f7 Rf8 58. Qe4 1-0

[Event "GER-ch53 final email"]
[Site "GER email"]
[Date "2010.04.05"]
[Round "?"]
[White "Zundel, Werner"]
[Black "Langheld, Werner"]
[Result "1-0"]
[WhiteElo "2166"]
[BlackElo "2047"]
[PlyCount "135"]
[EventDate "2010.04.12"]
[EventType "tourn (corr)"]
[EventRounds "10"]
[EventCountry "GER"]
[SourceTitle "Corr 2013"]
[Source "ChessBase"]
[SourceDate "2012.11.12"]
[SourceVersion "1"]
[SourceVersionDate "2012.11.12"]
[SourceQuality "1"]

1. e4 e6 2. d4 d5 3. Nd2 Nf6 4. e5 Nfd7 5. Bd3 c5 6. c3 Nc6 7. Ne2 cxd4 8. cxd4 Qb6 9. Nf3 Bb4+ 10. Bd2 f6 11. exf6 Nxf6 12. 0-0 0-0 13. Bf4 Be7 14. Qd2 Nb4 15. Bb1 Bd7 16. Ne5 Rac8 17. Re1 Be8 18. a3 Nc6 19. Nxc6 Bxc6 20. Nc3 Bd7 21. Bd3 Nh5 22. Be5 Bf6 23. Bxf6 Nxf6 24. Be2 Rc7 25. h3 a6 26. Rab1 Kh8 27. Qe3 Ng8 28. Bd3 Ne7 29. Ne2 Rcc8 30. Rec1 Rxc1+ 31. Rxc1 Kg8 32. Qe5 Nc6 33. Qd6 Rf7 34. b4 Qd8 35. Bxa6 Qa8 36. Bb5 Qxa3 37. Bxc6 bxc6 38. f3 h6 39. Kf2 Qa8 40. Rc5 Qd8 41. Ra5 Qh4+ 42. Qg3 Qd8 43. Ra6 Kh7 44. Qe5 Qe7 45. Rb6 Rf5 46. Qe3 Be8 47. Ra6 Qb7 48. Qa3 Qe7 49. Ra7 Qh4+ 50. Kf1 Qf6 51. Qc3 Qd8 52. Qc5 Qb8 53. Re7 Rf6 54. Qa7 Qxa7 55. Rxa7 Rf7 56. Rxf7 Bxf7 57. Nf4 Kg8 58. Nd3 Kf8 59. Ne5 Be8 60. h4 Ke7 61. Ke2 Kd6 62. Ke3 Ke7 63. g4 g6 64. Nd3 Kd6 65. Kd2 Kc7 66. Kc3 Kd6 67. f4 h5 68. g5 1-0